<?xml version="1.0" encoding="UTF-8"?><?xml-stylesheet type="text/xsl" href="static/style.xsl"?><OAI-PMH xmlns="http://www.openarchives.org/OAI/2.0/" xmlns:xsi="http://www.w3.org/2001/XMLSchema-instance" xsi:schemaLocation="http://www.openarchives.org/OAI/2.0/ http://www.openarchives.org/OAI/2.0/OAI-PMH.xsd"><responseDate>2026-04-13T06:57:42Z</responseDate><request verb="GetRecord" identifier="oai:www.recercat.cat:2099.1/17727" metadataPrefix="marc">https://recercat.cat/oai/request</request><GetRecord><record><header><identifier>oai:recercat.cat:2099.1/17727</identifier><datestamp>2025-07-23T02:06:05Z</datestamp><setSpec>com_2072_1033</setSpec><setSpec>col_2072_452951</setSpec></header><metadata><record xmlns="http://www.loc.gov/MARC21/slim" xmlns:dcterms="http://purl.org/dc/terms/" xmlns:xsi="http://www.w3.org/2001/XMLSchema-instance" xmlns:doc="http://www.lyncode.com/xoai" xsi:schemaLocation="http://www.loc.gov/MARC21/slim http://www.loc.gov/standards/marcxml/schema/MARC21slim.xsd">
   <leader>00925njm 22002777a 4500</leader>
   <datafield ind2=" " ind1=" " tag="042">
      <subfield code="a">dc</subfield>
   </datafield>
   <datafield ind2=" " ind1=" " tag="720">
      <subfield code="a">Faura Cabañas, Romà</subfield>
      <subfield code="e">author</subfield>
   </datafield>
   <datafield ind2=" " ind1=" " tag="260">
      <subfield code="c">2012-06</subfield>
   </datafield>
   <datafield ind2=" " ind1=" " tag="520">
      <subfield code="a">La seu espanyola de la multinacional Laboratorios Urgo ha decidit millorar l’efectivitat de la&#xd;
seva xarxa de vendes, degut a que disposava d’una xarxa de comercials subcontractada, la&#xd;
qual cosa suposava una gran despesa, a de més d’una menor implicació dels comercials en&#xd;
el projecte de l’empresa. Es persegueix l'objectiu de millorar el funcionament de la xarxa&#xd;
mitjançant, entre d'altres canvis, la implantació de tecnologies de la informació i la&#xd;
comunicació.&#xd;
A partir d’una anàlisi de la situació inicial del funcionament i estructura de la xarxa comercial&#xd;
de l’empresa, es realitza un DAFO (Anàlisis de debilitats, amenaces, fortaleses i&#xd;
oportunitats) per localitzar el punts a millorar. A continuació, es selecciona un model de&#xd;
gestió de l’organització basada en l’orientació al client (CRM “Customer relationship&#xd;
management”) com a la tecnologia de la informació més idònia a implantar tenint en compte&#xd;
les necessitats de l’empresa. Tot seguit, es tria un programa concret a partir d’una avaluació&#xd;
prèvia d’alternatives i es fa una anàlisi de viabilitat de la implantació del mateix. Finalment,&#xd;
es descriu la manera de treballar i l’estructura de la xarxa posterior a la seva implantació. El&#xd;
resultat és una xarxa comercial molt més ben estructurada que disposa d’una sèrie de KPIs&#xd;
(Indicadors clau de desenvolupament) actualitzats per tal d’orientar-se i fidelitzar aquells&#xd;
clients amb més pes dintre del mercat espanyol d’apòsits.</subfield>
   </datafield>
   <datafield tag="653" ind2=" " ind1=" ">
      <subfield code="a">Àrees temàtiques de la UPC::Economia i organització d'empreses::Gestió del coneixement</subfield>
   </datafield>
   <datafield tag="653" ind2=" " ind1=" ">
      <subfield code="a">Àrees temàtiques de la UPC::Informàtica::Sistemes d'informació::Bases de dades</subfield>
   </datafield>
   <datafield tag="653" ind2=" " ind1=" ">
      <subfield code="a">Commercial agents -- Labor productivity</subfield>
   </datafield>
   <datafield tag="653" ind2=" " ind1=" ">
      <subfield code="a">Customer relations -- Management</subfield>
   </datafield>
   <datafield tag="653" ind2=" " ind1=" ">
      <subfield code="a">Management information systems</subfield>
   </datafield>
   <datafield tag="653" ind2=" " ind1=" ">
      <subfield code="a">Industrial management</subfield>
   </datafield>
   <datafield tag="653" ind2=" " ind1=" ">
      <subfield code="a">Organizational effectiveness</subfield>
   </datafield>
   <datafield tag="653" ind2=" " ind1=" ">
      <subfield code="a">Agents comercials –- Productivitat laboral</subfield>
   </datafield>
   <datafield tag="653" ind2=" " ind1=" ">
      <subfield code="a">Relacions amb els clients -- Gestió</subfield>
   </datafield>
   <datafield tag="653" ind2=" " ind1=" ">
      <subfield code="a">Sistemes d'informació per a la gestió</subfield>
   </datafield>
   <datafield tag="653" ind2=" " ind1=" ">
      <subfield code="a">Empreses -- Direcció i administració</subfield>
   </datafield>
   <datafield tag="653" ind2=" " ind1=" ">
      <subfield code="a">Eficàcia organitzativa</subfield>
   </datafield>
   <datafield ind2="0" ind1="0" tag="245">
      <subfield code="a">Redisseny d'una xarxa comercial amb el suport de les tecnologies de la informació</subfield>
   </datafield>
</record></metadata></record></GetRecord></OAI-PMH>